[Event "PRO League Group Stage"]
[Site "chess.com INT"]
[Date "2020.01.15"]
[Round "2"]
[White "Fridman, Daniel"]
[Black "Praggnanandhaa, R"]
[Result "1/2-1/2"]
[WhiteTitle "GM"]
[BlackTitle "GM"]
[WhiteElo "2622"]
[BlackElo "2602"]
[WhiteTeam "Israel Counsellors"]
[BlackTeam "India Yogis"]
[WhiteFideId "11600454"]
[BlackFideId "25059530"]
[EventDate "2020.01.06"]

1. d4 Nf6 2. Nf3 d5 3. c4 e6 4. g3 Be7 5. Bg2 O-O 6. Qc2 c5 7. O-O cxd4 8. Nxd4
Nc6 9. Nxc6 bxc6 10. Rd1 Ba6 11. b3 Qb6 12. Ba3 Bc5 13. Bxc5 Qxc5 14. Nd2 Rfd8
15. e3 Rab8 16. Rac1 dxc4 17. Nxc4 Bxc4 18. Rxd8+ Rxd8 19. Qxc4 Qxc4 20. Rxc4
Rd1+ 21. Bf1 g5 22. Kg2 Rd2 23. Ra4 g4 24. Ba6 h5 25. Bb7 Nd5 26. Kf1 Rd1+ 27.
Kg2 Rd2 28. Kf1 Rd1+ 29. Kg2 1/2-1/2

[Event "PRO League Group Stage"]
[Site "chess.com INT"]
[Date "2020.01.15"]
[Round "2"]
[White "Avrukh, Boris"]
[Black "Aravindh, Chithambaram VR."]
[Result "0-1"]
[WhiteTitle "GM"]
[BlackTitle "GM"]
[WhiteElo "2567"]
[BlackElo "2630"]
[WhiteTeam "Israel Counsellors"]
[BlackTeam "India Yogis"]
[WhiteFideId "2803895"]
[BlackFideId "5072786"]
[EventDate "2020.01.06"]

1. d4 Nf6 2. c4 e6 3. g3 d5 4. Bg2 Bb4+ 5. Nd2 O-O 6. Nf3 dxc4 7. Qc2 Nc6 8.
Qxc4 Qd5 9. O-O Rd8 10. e3 Bxd2 11. Nxd2 Qxc4 12. Nxc4 Bd7 13. Bd2 Rab8 14. Rfc1
Ne7 15. Ne5 Rdc8 16. Rc2 Be8 17. Rac1 c6 18. Bb4 Ned5 19. Bd6 Ra8 20. Nd3 Rd8
21. Ba3 Nc7 22. Nc5 Rab8 23. Bb4 Nfd5 24. Bd2 Ne7 25. Nb3 f6 26. e4 Nb5 27. Be3
Bf7 28. f3 e5 29. dxe5 fxe5 30. Na5 Nd4 31. Rd2 Bxa2 32. f4 b6 33. fxe5 c5 34.
Bxd4 cxd4 35. Nc6 Nxc6 36. Rxc6 Rbc8 37. Rxc8 Rxc8 38. Bh3 Re8 39. Rxd4 Rxe5 40.
Kf2 a5 41. Bd7 Kf7 42. Ke3 Ke7 43. Bf5 Be6 44. g4 Rb5 45. Rd2 g6 46. Bxe6 Kxe6
47. h4 Ke5 48. g5 Rb3+ 49. Kf2 Kxe4 50. Rd7 Kf4 51. Rxh7 Rxb2+ 52. Ke1 a4 53.
Kd1 a3 54. Kc1 b5 55. Rg7 Kf5 56. Rc7 b4 57. Rc5+ Kg4 58. Rc4+ Kh5 59. Rd4 Rb3
60. Re4 a2 0-1

[Event "PRO League Group Stage"]
[Site "chess.com INT"]
[Date "2020.01.15"]
[Round "2"]
[White "Michalik, Peter"]
[Black "Navara, David"]
[Result "0-1"]
[WhiteTitle "GM"]
[BlackTitle "GM"]
[WhiteElo "2595"]
[BlackElo "2717"]
[WhiteTeam "Croatia Bulldogs"]
[BlackTeam "Hungary Hunters"]
[WhiteFideId "14907526"]
[BlackFideId "309095"]
[EventDate "2020.01.06"]

1. d4 Nf6 2. c4 e6 3. Nc3 Bb4 4. Qc2 d5 5. cxd5 exd5 6. Bg5 h6 7. Bxf6 Qxf6 8.
a3 Bxc3+ 9. Qxc3 c6 10. e3 O-O 11. Ne2 Bf5 12. Ng3 Nd7 13. Nxf5 Qxf5 14. Bd3 Qe6
15. O-O a6 16. b4 b5 17. Rfc1 Rac8 18. a4 Nb6 19. axb5 cxb5 20. Qe1 Nc4 21. Ra2
Rc6 22. Rca1 Rfc8 23. Bxc4 dxc4 24. Qc3 Qd5 25. Rxa6 Rxa6 26. Rxa6 Qe4 27. Ra1
Ra8 28. Rd1 Ra2 29. d5 Qf5 30. Qe1 c3 31. e4 Qe5 32. d6 Rd2 33. d7 Qd4 0-1

[Event "PRO League Group Stage"]
[Site "chess.com INT"]
[Date "2020.01.15"]
[Round "2"]
[White "Le, Tuan Minh"]
[Black "Banusz, Tamas"]
[Result "0-1"]
[WhiteTitle "IM"]
[BlackTitle "GM"]
[WhiteElo "2501"]
[BlackElo "2620"]
[WhiteTeam "Croatia Bulldogs"]
[BlackTeam "Hungary Hunters"]
[WhiteFideId "12401153"]
[BlackFideId "722413"]
[EventDate "2020.01.06"]

1. d4 d5 2. Nf3 Nf6 3. Bf4 c5 4. c3 e6 5. e3 Nc6 6. Nbd2 Bd6 7. Bg3 O-O 8. Bb5
Be7 9. Bd3 Nh5 10. O-O h6 11. Qe2 Nxg3 12. hxg3 Qb6 13. Rab1 Bf6 14. dxc5 Qxc5
15. e4 Rd8 16. Rbd1 Qa5 17. Bb1 Qb6 18. Nb3 g6 19. Rfe1 Bg7 20. exd5 exd5 21.
Qd2 Qc7 22. Nfd4 Bg4 23. f3 Bd7 24. Qf2 Ne5 25. Nd2 Qb6 26. N2b3 a5 27. Re2 a4
28. Nc1 a3 29. b3 Rac8 30. Nd3 Nxd3 31. Rxd3 Rxc3 32. Rxc3 Bxd4 33. Rce3 Re8 34.
Rxe8+ Bxe8 35. Rxe8+ Kg7 0-1

[Event "PRO League Group Stage"]
[Site "chess.com INT"]
[Date "2020.01.15"]
[Round "2"]
[White "Prohaszka, Peter2"]
[Black "Livaic, Leon"]
[Result "0-1"]
[WhiteTitle "GM"]
[BlackTitle "IM"]
[WhiteElo "2587"]
[BlackElo "2495"]
[WhiteTeam "Hungary Hunters"]
[BlackTeam "Croatia Bulldogs"]
[WhiteFideId "726265"]
[BlackFideId "14531534"]
[EventDate "2020.01.06"]

1. d4 Nf6 2. c4 c5 3. d5 e5 4. Nc3 d6 5. e4 Be7 6. g3 O-O 7. Bg2 Nbd7 8. Nf3 Ne8
9. O-O g6 10. Ne1 f5 11. Nd3 Ng7 12. f4 Bf6 13. exf5 Nxf5 14. Ne4 exf4 15. Nxf6+
Qxf6 16. Bxf4 Qd4+ 17. Nf2 Qxc4 18. Ne4 Nd4 19. Bxd6 Re8 20. b3 Qc2 21. Qxc2
Nxc2 22. Bxc5 Nxa1 23. d6 Rxe4 24. Bxe4 Nxc5 25. Bd5+ Be6 26. Bxe6+ Nxe6 27.
Rxa1 Rd8 28. Rd1 Kf7 29. Kf2 Nc5 30. Kf3 Ke6 31. b4 Na6 32. a3 Rxd6 33. Re1+ Kf6
34. Re3 Nc7 35. h4 Ne6 36. Rc3 Rd2 37. Ke4 h5 38. Rf3+ Ke7 39. Rc3 Kd6 40. Rf3
Re2+ 41. Kd3 Ra2 42. Kc4 a6 43. Rd3+ Kc6 44. Rc3 Rg2 45. a4 Ng7 46. Re3 b5+ 47.
axb5+ axb5+ 48. Kb3 Nf5 49. Re6+ Kd5 50. Rb6 Rxg3+ 51. Kc2 Nd4+ 52. Kd2 Kc4 53.
Rd6 Rg4 54. Rd8 Kxb4 55. Ke3 Nf5+ 56. Kd3 Rd4+ 0-1

[Event "PRO League Group Stage"]
[Site "chess.com INT"]
[Date "2020.01.15"]
[Round "2"]
[White "Hoang, Thanh Trang"]
[Black "Plenca, Jadranko"]
[Result "0-1"]
[WhiteTitle "GM"]
[BlackTitle "IM"]
[WhiteElo "2424"]
[BlackElo "2463"]
[WhiteTeam "Hungary Hunters"]
[BlackTeam "Croatia Bulldogs"]
[WhiteFideId "12400149"]
[BlackFideId "14527146"]
[EventDate "2020.01.06"]

1. d4 d5 2. Bf4 Nf6 3. e3 c5 4. Nf3 Nc6 5. c3 Qb6 6. Qc2 g6 7. Nbd2 Bg7 8. h3
O-O 9. Be2 Bf5 10. Qb3 c4 11. Qxb6 axb6 12. O-O b5 13. a3 h6 14. Ne5 Rfd8 15. g4
Be6 16. Bg3 Nxe5 17. Bxe5 Nd7 18. Bxg7 Kxg7 19. e4 Nb6 20. e5 Na4 21. Rab1 f6
22. exf6+ exf6 23. Bd1 f5 24. Bxa4 bxa4 25. Rbe1 Ra6 26. gxf5 Bxf5 27. Re7+ Kf6
28. Rxb7 Re8 29. Nf3 Bxh3 30. Re1 Rxe1+ 31. Nxe1 Bg4 32. Nc2 h5 33. Kg2 h4 34.
Ne3 Be6 35. Rb5 Rd6 36. Ra5 g5 37. Rxa4 g4 38. Ra8 Rb6 39. Rd8 Rxb2 40. Nxd5+
Bxd5+ 41. Rxd5 g3 42. Rh5 Rxf2+ 43. Kg1 Rh2 44. a4 Kg6 45. Rh8 Kg5 46. Rg8+ Kf4
47. Rf8+ Kg4 48. Rg8+ Kh3 0-1

[Event "PRO League Group Stage"]
[Site "chess.com INT"]
[Date "2020.01.15"]
[Round "2"]
[White "Movsesian, Sergei"]
[Black "Adhiban, Baskaran"]
[Result "0-1"]
[WhiteTitle "GM"]
[BlackTitle "GM"]
[WhiteElo "2641"]
[BlackElo "2654"]
[WhiteTeam "Israel Counsellors"]
[BlackTeam "India Yogis"]
[WhiteFideId "310204"]
[BlackFideId "5018471"]
[EventDate "2020.01.06"]

1. e4 g6 2. d4 Bg7 3. Nc3 d6 4. Be3 a6 5. h4 Nf6 6. f3 Nbd7 7. Qd2 h5 8. Nh3 O-O
9. a4 c5 10. d5 Ne5 11. Ng5 Bd7 12. Be2 b5 13. O-O bxa4 14. Nxa4 Bb5 15. b3 Rb8
16. Nc3 Qc8 17. Nxb5 axb5 18. Ra5 c4 19. b4 c3 20. Qe1 Nc4 21. Bxc4 Qxc4 22. Qb1
Ra8 23. Qa1 Rxa5 24. bxa5 Ra8 25. a6 Nd7 26. Rb1 Qe2 27. Bf2 Qxc2 28. Rxb5 Qe2
29. Qf1 Qxf1+ 30. Kxf1 Rxa6 31. Rb7 Ra1+ 32. Ke2 Ra2+ 33. Kf1 Rxf2+ 34. Kxf2 c2
35. Rc7 Nc5 36. Rc8+ Bf8 0-1

[Event "PRO League Group Stage"]
[Site "chess.com INT"]
[Date "2020.01.15"]
[Round "2"]
[White "Rodshtein, Maxim"]
[Black "Narayanan, S.L."]
[Result "1/2-1/2"]
[WhiteTitle "GM"]
[BlackTitle "GM"]
[WhiteElo "2628"]
[BlackElo "2637"]
[WhiteTeam "Israel Counsellors"]
[BlackTeam "India Yogis"]
[WhiteFideId "2806851"]
[BlackFideId "5058422"]
[EventDate "2020.01.06"]

1. c4 Nf6 2. Nc3 e5 3. g3 Bc5 4. Bg2 d6 5. e3 O-O 6. Nge2 c6 7. O-O Re8 8. a3
Bb6 9. d4 e4 10. d5 Bg4 11. h3 Bh5 12. g4 Bg6 13. Nf4 Re5 14. h4 h6 15. b4 cxd5
16. Bb2 dxc4 17. Nxg6 fxg6 18. Nxe4 Nc6 19. Bxe5 Nxe5 20. Qxd6 Nfxg4 21. Qxd8+
Rxd8 22. Rad1 Nd3 23. Nc3 Ngxf2 24. Rxf2 Bxe3 25. Ne4 Rf8 26. Rf1 c3 27. Nxc3
Nxf2 28. Bd5+ Kh7 29. Kg2 Rf4 30. Bxb7 Nd3 31. Rxf4 Bxf4 32. Be4 Ne5 33. Nd5 Bc1
34. a4 h5 35. b5 Bd2 36. Kf2 Kh6 37. Ke2 Ba5 38. Ne7 Bd8 39. Nc8 g5 40. hxg5+
Kxg5 41. Nxa7 Kf4 42. Bd5 g5 43. Nc8 Nd7 44. Nd6 Nc5 45. Nb7 Nxb7 46. Bxb7 g4
47. Kf2 h4 48. Kg2 h3+ 49. Kh2 Bc7 50. Bc8 Kf3+ 51. Kh1 Ba5 52. b6 Bxb6 53. a5
Ba7 54. a6 Kg3 55. Bxg4 Kxg4 56. Kh2 Kh4 57. Kh1 Kg5 58. Kh2 Kg4 59. Kh1 Kg3 1/2-1/2

[Event "PRO League Group Stage"]
[Site "chess.com INT"]
[Date "2020.01.15"]
[Round "2"]
[White "Aravindh, Chithambaram VR."]
[Black "Fridman, Daniel"]
[Result "0-1"]
[WhiteTitle "GM"]
[BlackTitle "GM"]
[WhiteElo "2630"]
[BlackElo "2622"]
[WhiteTeam "India Yogis"]
[BlackTeam "Israel Counsellors"]
[WhiteFideId "5072786"]
[BlackFideId "11600454"]
[EventDate "2020.01.06"]

1. d4 d5 2. Nf3 Nf6 3. c4 e6 4. Bg5 c6 5. e3 Nbd7 6. Nbd2 h6 7. Bh4 b6 8. Bd3
Bb7 9. O-O Be7 10. cxd5 cxd5 11. Qa4 a6 12. Rfc1 O-O 13. Ne5 b5 14. Qd1 Nxe5 15.
dxe5 Nd7 16. Bxe7 Qxe7 17. Rc7 Qd8 18. Rac1 Nxe5 19. Nb3 Bc8 20. Nd4 Nc4 21. Rc5
Nxb2 22. Qe2 Nc4 23. e4 Qb6 24. Nb3 Bb7 25. exd5 Bxd5 26. Be4 Bxe4 27. Qxe4 Rac8
28. Rxc8 Rxc8 29. h4 Rd8 30. g3 a5 31. Rc2 a4 32. Nc1 Qd6 33. Kg2 Qd1 34. Qe2
Qxe2 35. Nxe2 Rd3 36. h5 Kf8 37. Nc3 Na3 38. Rc1 Rd4 39. Ne2 Rc4 40. Rd1 Ke7 41.
Kf3 b4 42. Nd4 b3 43. axb3 axb3 0-1

[Event "PRO League Group Stage"]
[Site "chess.com INT"]
[Date "2020.01.15"]
[Round "2"]
[White "Praggnanandhaa, R"]
[Black "Avrukh, Boris"]
[Result "1-0"]
[WhiteTitle "GM"]
[BlackTitle "GM"]
[WhiteElo "2602"]
[BlackElo "2567"]
[WhiteTeam "India Yogis"]
[BlackTeam "Israel Counsellors"]
[WhiteFideId "25059530"]
[BlackFideId "2803895"]
[EventDate "2020.01.06"]

1. e4 e5 2. Nf3 Nc6 3. Bc4 Bc5 4. c3 Nf6 5. d3 a6 6. Bb3 d6 7. h3 O-O 8. O-O h6
9. Re1 Re8 10. Nbd2 Be6 11. Bc2 d5 12. exd5 Bxd5 13. b4 Ba7 14. a4 b5 15. Bb2
Qd7 16. Ne4 Nxe4 17. dxe4 Be6 18. Qxd7 Bxd7 19. axb5 axb5 20. Bd3 Rab8 21. Red1
Be6 22. Ra6 Bb3 23. Rda1 Red8 24. Rxc6 Rxd3 25. Rxa7 Rbd8 26. Rcxc7 Rd1+ 27. Kh2
Rb1 28. Ba3 Rf1 29. Rd7 Rxd7 30. Rxd7 Rxf2 31. Rd2 Rf1 32. Nxe5 Re1 33. Nd3 Re3
34. Bb2 Bc4 35. Nc5 h5 36. Nb7 Bd3 37. Nd6 g6 38. c4 bxc4 39. Nxc4 1-0

[Event "PRO League Group Stage"]
[Site "chess.com INT"]
[Date "2020.01.15"]
[Round "2"]
[White "Solak, Dragan"]
[Black "Tomashevsky, Evgeny"]
[Result "1-0"]
[WhiteTitle "GM"]
[BlackTitle "GM"]
[WhiteElo "2594"]
[BlackElo "2705"]
[WhiteTeam "Turkey Knights"]
[BlackTeam "Russia Wizards"]
[WhiteFideId "916811"]
[BlackFideId "4147235"]
[EventDate "2020.01.06"]

1. e4 e5 2. Nf3 Nc6 3. Bb5 Nf6 4. O-O Nxe4 5. Re1 Nd6 6. Nxe5 Be7 7. Bf1 Nxe5 8.
Rxe5 O-O 9. d4 Bf6 10. Re1 Re8 11. c3 Rxe1 12. Qxe1 Ne8 13. Bf4 d5 14. Bd3 g6
15. Nd2 Ng7 16. Nf3 c6 17. Qe2 Bg4 18. h3 Ne6 19. hxg4 Nxf4 20. Qe3 Bg5 21. Kf1
Qf6 22. Nxg5 Qxg5 23. g3 Qh6 24. Kg1 Nh3+ 25. Kg2 Qxe3 26. fxe3 Ng5 27. b3 Kf8
28. c4 dxc4 29. bxc4 c5 30. a4 Rd8 31. d5 Ke7 32. Rb1 Rd7 33. a5 Kd6 34. Kf2 f6
35. Rh1 Rg7 36. Rb1 Ke5 37. Rb5 Rc7 38. Rb1 Nf7 39. Ke2 Kd6 40. Kd2 Ke5 41. Rh1
Nd6 42. Rf1 Rc8 43. Rh1 Rc7 44. Rf1 Rg7 45. Rh1 b6 46. axb6 axb6 47. Rb1 Rb7 48.
Kc3 b5 49. cxb5 Kxd5 50. Rd1 Ke5 51. Rb1 Rb6 52. Rb2 Rb7 53. Rb1 Nc8 54. Kc4 Kd6
55. Be4 Nb6+ 56. Kb3 Ra7 57. Rd1+ Ke5 58. Bc6 Ra4 59. Rd8 Rxg4 60. Rb8 Rb4+ 61.
Kc3 Nc4 62. Re8+ Kd6 63. Rd8+ Ke5 64. Rd5+ Ke6 65. Rxc5 1-0

[Event "PRO League Group Stage"]
[Site "chess.com INT"]
[Date "2020.01.15"]
[Round "2"]
[White "Dastan, Muhammed Batuhan"]
[Black "Chadaev, Nikolai"]
[Result "0-1"]
[WhiteTitle "GM"]
[BlackTitle "GM"]
[WhiteElo "2572"]
[BlackElo "2591"]
[WhiteTeam "Turkey Knights"]
[BlackTeam "Russia Wizards"]
[WhiteFideId "6300014"]
[BlackFideId "4167392"]
[EventDate "2020.01.06"]

1. e4 d6 2. d4 g6 3. Nf3 Bg7 4. Bc4 e6 5. O-O Ne7 6. Bb3 O-O 7. Re1 b6 8. c3 Bb7
9. Bf4 Nd7 10. Qd2 Nf6 11. Bc2 c5 12. dxc5 d5 13. exd5 Bxd5 14. Be3 bxc5 15.
Bxc5 Qc7 16. Bxe7 Qxe7 17. Nd4 Qb7 18. Bb3 Bxg2 19. Qg5 Bd5 20. Nd2 a5 21. c4
Bc6 22. Nxc6 Qxc6 23. Qb5 Qc7 24. Nf3 Qf4 25. Ne5 Ne4 26. Rxe4 Qxe4 27. Nd7 Rfd8
28. c5 a4 29. Bd1 a3 30. bxa3 Bxa1 31. Bb3 Bd4 32. c6 Rdc8 33. Qc4 Qe1+ 34. Kg2
Qxf2+ 35. Kh3 Qf3+ 36. Kh4 Bf2+ 0-1

[Event "PRO League Group Stage"]
[Site "chess.com INT"]
[Date "2020.01.15"]
[Round "2"]
[White "Savchenko, Boris"]
[Black "Sanal, Vahap"]
[Result "1-0"]
[WhiteTitle "GM"]
[BlackTitle "GM"]
[WhiteElo "2573"]
[BlackElo "2569"]
[WhiteTeam "Russia Wizards"]
[BlackTeam "Turkey Knights"]
[WhiteFideId "4147332"]
[BlackFideId "6300545"]
[EventDate "2020.01.06"]

1. d4 Nf6 2. Nf3 e6 3. Bf4 b6 4. e3 Bb7 5. Bd3 Be7 6. h3 O-O 7. O-O c5 8. c3 d6
9. Nbd2 Nbd7 10. a4 Re8 11. a5 Bf8 12. Bh2 e5 13. dxe5 Nxe5 14. Nxe5 dxe5 15.
Bb5 Re6 16. a6 Bd5 17. c4 Bxg2 18. Kxg2 Rd6 19. Bxe5 Rxd2 20. Qf3 Nd7 21. Bc3
Rd6 22. Rad1 Qg5+ 23. Kh1 Rd8 24. Rxd6 Bxd6 25. Bxd7 Rxd7 26. Rg1 Qh6 27. Bxg7 1-0

[Event "PRO League Group Stage"]
[Site "chess.com INT"]
[Date "2020.01.15"]
[Round "2"]
[White "Demidov, Mikhail"]
[Black "Firat, Burak"]
[Result "1-0"]
[WhiteTitle "IM"]
[BlackTitle "GM"]
[WhiteElo "2552"]
[BlackElo "2474"]
[WhiteTeam "Russia Wizards"]
[BlackTeam "Turkey Knights"]
[WhiteFideId "4197143"]
[BlackFideId "6305881"]
[EventDate "2020.01.06"]

1. Nf3 Nf6 2. g3 d5 3. Bg2 e6 4. O-O Be7 5. c4 O-O 6. cxd5 exd5 7. d4 c6 8. Nc3
Bf5 9. Nh4 Be6 10. Qd3 Re8 11. Nf5 Bf8 12. Bg5 h6 13. Bd2 Nbd7 14. Rae1 Nb6 15.
b3 Qd7 16. Nh4 g5 17. f4 gxh4 18. f5 Ne4 19. Bxe4 dxe4 20. Nxe4 Bg7 21. fxe6
Rxe6 22. e3 Rg6 23. Nc5 Qc7 24. g4 Rxg4+ 25. Kh1 Re8 26. Qf5 Rg5 27. Qf3 Rg6 28.
Rg1 Nc8 29. Ref1 Nd6 30. Be1 Qe7 31. Bf2 b6 32. Nd3 Qe4 33. Qxe4 Rxe4 34. Nf4
Rxg1+ 35. Rxg1 Kf8 36. Nh5 Bh8 37. Kg2 c5 38. dxc5 bxc5 39. Kf3 Re5 40. Nf4 Bf6
41. Rd1 Be7 42. Bxh4 Nf5 43. Bf2 Nd6 44. Rd5 Rxd5 45. Nxd5 c4 46. e4 cxb3 47.
axb3 a6 48. Bc5 Nc8 49. Nxe7 Nxe7 50. Kf4 Ke8 51. Bxe7 Kxe7 52. Ke5 a5 53. Kf5
h5 54. h4 Kd6 55. Kf6 Kc5 56. Kxf7 Kd4 57. Kg6 Kxe4 58. Kxh5 Kf5 59. Kh6 Kf6 60.
h5 Kf7 61. Kg5 Kg7 62. Kf5 Kh6 63. Ke5 Kxh5 64. Kd5 Kg6 65. Kc5 Kf7 66. Kb5 Ke8
67. Kxa5 Kd8 68. Kb6 Kc8 69. b4 Kb8 70. b5 Ka8 71. Kc7 Ka7 72. b6+ 1-0

[Event "PRO League Group Stage"]
[Site "chess.com INT"]
[Date "2020.01.15"]
[Round "2"]
[White "Herrera Reyes, Jose Antonio"]
[Black "Amin, Bassem"]
[Result "0-1"]
[WhiteTitle "FM"]
[BlackTitle "GM"]
[WhiteElo "2304"]
[BlackElo "2673"]
[WhiteTeam "Spain Raptors"]
[BlackTeam "Sweden Wasabis"]
[WhiteFideId "2274914"]
[BlackFideId "10601457"]
[EventDate "2020.01.06"]

1. Nf3 Nf6 2. g3 g6 3. Bg2 Bg7 4. d3 d6 5. Nc3 e5 6. e4 O-O 7. Bg5 h6 8. Be3 Re8
9. h3 c6 10. Qd2 Kh7 11. g4 d5 12. g5 hxg5 13. Bxg5 dxe4 14. Bxf6 Qxf6 15. Nxe4
Qe7 16. h4 Bg4 17. h5 gxh5 18. Ng3 Bh6 19. Qc3 Rg8 20. Nxe5 Rg5 21. f4 Rxe5+ 22.
Qxe5 Qb4+ 23. c3 Qxb2 24. Be4+ Kg8 25. Qe8+ Kg7 26. O-O Qxc3 27. Bf5 Qc5+ 28.
Kh1 Qd5+ 29. Be4 Qd7 30. Qe5+ Kg8 31. Nxh5 Bxh5 32. Qxh5 Bg7 33. Rg1 Qd4 34.
Qh7+ Kf8 35. Rae1 Nd7 36. Qh3 Nc5 37. Bf5 Rd8 38. Qh7 Qf6 39. Rg3 a5 40. Reg1
Bh6 41. Be4 Bxf4 42. Rg8+ Ke7 43. Rxd8 Kxd8 44. Rf1 Ne6 45. Bf5 Bd6 46. Qh3 Qe5
47. Be4 Ng5 48. Qh4 Kc7 49. Rf5 Qa1+ 50. Kg2 Nxe4 51. Qxe4 Qxa2+ 52. Rf2 Qe6 53.
Qa4 Bb4 54. Qc2 Qd5+ 55. Kf1 b5 56. Ke2 Kb6 57. Qc1 Bc5 58. Rf3 a4 59. Qd2 a3
60. Qf4 a2 61. Qb8+ Ka5 62. Qa8+ Kb4 63. d4 Qc4+ 64. Rd3 Qc2+ 65. Ke3 Qc1+ 66.
Ke2 a1=Q 67. Qxa1 Qxa1 68. dxc5 Qe5+ 0-1

[Event "PRO League Group Stage"]
[Site "chess.com INT"]
[Date "2020.01.15"]
[Round "2"]
[White "Diaz Camallonga, Carles"]
[Black "Berg, Emanuel"]
[Result "1-0"]
[WhiteTitle "IM"]
[BlackTitle "GM"]
[WhiteElo "2474"]
[BlackElo "2544"]
[WhiteTeam "Spain Raptors"]
[BlackTeam "Sweden Wasabis"]
[WhiteFideId "22235256"]
[BlackFideId "1704060"]
[EventDate "2020.01.06"]

1. Nf3 Nf6 2. g3 g6 3. Bg2 Bg7 4. O-O O-O 5. d4 d6 6. a4 c6 7. a5 Na6 8. Nc3 Bf5
9. Nh4 Bd7 10. e4 e5 11. Nf3 Qe7 12. Re1 Rfe8 13. h3 Rad8 14. dxe5 dxe5 15. Qe2
Nc5 16. b3 Bc8 17. Ba3 Bf8 18. Qe3 b6 19. axb6 axb6 20. b4 Ne6 21. Qxb6 Nd4 22.
Nxd4 exd4 23. Na4 Qe5 24. Rad1 Qh5 25. Rxd4 Rxd4 26. Qxd4 Bg7 27. Qd1 Qb5 28.
Nc5 h5 29. Qd2 Qc4 30. Bb2 Be6 31. Bc3 Qb5 32. Qf4 Nd7 33. Bxg7 Kxg7 34. Nxd7
Bxd7 35. Qd6 Be6 36. e5 Rc8 37. Bf1 Qa4 38. c3 Qc2 39. Qd4 Qb2 40. Bg2 Qa3 41.
Re3 c5 42. bxc5 Rxc5 43. Kh2 Qa5 44. h4 Qc7 45. Bh3 Rc4 46. Qd2 Bxh3 47. Kxh3
Rc6 48. Qd4 Kg8 49. Rd3 Qc8+ 50. Kh2 Qe6 51. Rf3 Rc4 52. Qd8+ Kg7 53. Qf6+ Qxf6
54. exf6+ Kf8 55. Kg2 Rc6 56. Kf1 Re6 57. c4 Rc6 58. Rf4 Re6 59. f3 Kg8 60. Kf2
Kf8 61. g4 hxg4 62. fxg4 Ra6 63. Ke3 Ke8 64. Re4+ Kf8 65. g5 Ra3+ 66. Kd4 Rh3
67. c5 Rh1 68. c6 Rc1 69. Kd5 Rd1+ 70. Kc5 Rc1+ 71. Kd5 Rd1+ 72. Rd4 Rc1 73. Rc4
Rd1+ 74. Ke4 Rd8 75. Ke5 Ke8 76. c7 Rc8 77. Kd6 Kf8 78. Kd7 1-0

[Event "PRO League Group Stage"]
[Site "chess.com INT"]
[Date "2020.01.15"]
[Round "2"]
[White "Blomqvist, Erik"]
[Black "Asis Gargatagli, Hipolito"]
[Result "1/2-1/2"]
[WhiteTitle "GM"]
[BlackTitle "GM"]
[WhiteElo "2539"]
[BlackElo "2490"]
[WhiteTeam "Sweden Wasabis"]
[BlackTeam "Spain Raptors"]
[WhiteFideId "1709437"]
[BlackFideId "2260735"]
[EventDate "2020.01.06"]

1. e4 c6 2. Nf3 d5 3. Nc3 dxe4 4. Nxe4 Nf6 5. Qe2 Nxe4 6. Qxe4 Nd7 7. d4 Nf6 8.
Qd3 g6 9. Be2 Bg7 10. O-O O-O 11. Re1 a5 12. a4 Qb6 13. c3 Bf5 14. Qe3 Rfe8 15.
Ne5 Nd7 16. Nc4 Qc7 17. Qg3 Qxg3 18. hxg3 Be6 19. Bf4 Bxc4 20. Bxc4 e5 21. dxe5
Nxe5 22. Bf1 Nd7 23. Rxe8+ Rxe8 24. Be3 Bf8 25. Rd1 Nc5 26. Bxc5 Bxc5 27. Bc4
Kf8 1/2-1/2

[Event "PRO League Group Stage"]
[Site "chess.com INT"]
[Date "2020.01.15"]
[Round "2"]
[White "Grigorov, Grigor"]
[Black "Forcen Esteban, Daniel"]
[Result "1-0"]
[WhiteTitle "GM"]
[BlackTitle "GM"]
[WhiteElo "2507"]
[BlackElo "2548"]
[WhiteTeam "Sweden Wasabis"]
[BlackTeam "Spain Raptors"]
[WhiteFideId "2907313"]
[BlackFideId "2288230"]
[EventDate "2020.01.06"]

1. Nf3 g6 2. d4 Nf6 3. c4 Bg7 4. g3 O-O 5. Bg2 d6 6. O-O Nbd7 7. Nc3 e5 8. e4
Re8 9. h3 exd4 10. Nxd4 Nc5 11. Re1 a5 12. Ndb5 Bd7 13. Bf4 Nh5 14. Be3 Ne6 15.
Kh2 Bc6 16. Rc1 Qd7 17. b3 Rad8 18. Qd2 b6 19. Nd5 Bxb5 20. cxb5 Rc8 21. Rc6 Nf6
22. Bxb6 cxb6 23. Nxb6 Qb7 24. Nxc8 Rxc8 25. e5 Ne8 26. exd6 Rd8 27. Qxa5 Qd7
28. b6 Nxd6 29. Qa7 Qe8 30. b7 Nb5 31. Qb6 Nbd4 32. Rc4 Rb8 33. a4 Qd7 34. a5
Ng5 35. Re3 Ndf3+ 36. Rxf3 Rxb7 37. Rd3 Qxd3 38. Rc8+ Bf8 39. Qxb7 Qe2 40. Qb6
Nf3+ 41. Bxf3 Qxf3 42. Qc5 1-0

[Event "PRO League Group Stage"]
[Site "chess.com INT"]
[Date "2020.01.15"]
[Round "2"]
[White "Klein, David"]
[Black "Meier, Georg"]
[Result "0-1"]
[WhiteTitle "GM"]
[BlackTitle "GM"]
[WhiteElo "2495"]
[BlackElo "2629"]
[WhiteTeam "Netherlands Mosquitoes"]
[BlackTeam "Germany Bears"]
[WhiteFideId "1003623"]
[BlackFideId "4675789"]
[EventDate "2020.01.06"]

1. e4 e6 2. d4 d5 3. Nd2 dxe4 4. Nxe4 Nd7 5. Nf3 Ngf6 6. Nxf6+ Nxf6 7. Be3 Bd6
8. Bd3 b6 9. Qe2 Bb7 10. O-O-O O-O 11. Bg5 h6 12. h4 c5 13. dxc5 bxc5 14. Kb1
Rb8 15. c3 Qb6 16. Bxf6 gxf6 17. Rd2 Bf4 18. Rc2 Rfd8 19. Be4 Ba6 20. c4 f5 21.
Bd3 Bb7 22. Ka1 Bxf3 23. Qxf3 Be5 24. Rb1 Rd4 25. Qe3 Bg7 26. g3 Qd6 27. Be2 a5
28. Qa3 Rd2 29. Qa4 Qd4 30. a3 Rxc2 31. Qxc2 Qxf2 32. Qd3 Be5 33. Ka2 Kg7 34. g4
fxg4 35. Qe4 Qd4 36. Qxg4+ Qxg4 37. Bxg4 f5 38. Bf3 Kf6 39. b4 axb4 40. axb4
Rxb4 41. Rxb4 cxb4 42. c5 Bg3 43. Kb3 Bxh4 44. Kxb4 Bg3 45. Kc4 Kg5 46. Kd3 Bb8
47. Ke2 h5 48. c6 h4 49. Kf2 h3 50. Be2 Kh4 51. Bf1 e5 52. Bc4 e4 53. Be6 Kg4
54. Bc4 Ba7+ 55. Kf1 Bb6 56. Be2+ Kg3 57. c7 Bxc7 58. Kg1 f4 59. Kh1 f3 60. Bc4
e3 61. Kg1 e2 62. Bxe2 fxe2 63. Kh1 e1=Q# 0-1